| 000 | 01115nmc a2200325 a 4500 | ||
|---|---|---|---|
| 003 | AR-BaBNM | ||
| 005 | 20251128203603.0 | ||
| 008 | 186019s1953 ||||||||||||||000 | spa|| | ||
| 040 | _cAR-BaBNM | ||
| 245 | 1 | 0 | _aLos sucesos de mayo contados por sus autores |
| 260 |
_aBuenos Aires _bJackson _c1953 |
||
| 300 | 1 | _axxxiii, 209 p. | |
| 490 | 0 |
_aGrandes Escritores Argentinos _vv. 1 |
|
| 500 | 1 | _aContiene: Memoria autógrafa de Cornelio Saavedra - Autobiografía de Manuel Belgrano - Memoria sobre la expedición al Paraguay por Manuel Belgrano - Reseña histórica de los sucesos de Mayo, relatada por el General Tomás Guido | |
| 650 | 4 | _aREVOLUCION DE MAYO | |
| 650 | 4 | _aSEMANA DE MAYO | |
| 650 | 4 | _aDIRECTORIO | |
| 650 | 4 | _aANTECEDENTES DE LA REVOLUCION DE MAYO | |
| 650 | 4 | _aINVASIONES INGLESAS | |
| 650 | 4 | _aBIOGRAFIAS | |
| 655 | _aLITERATURA | ||
| 700 | 1 | _aSaavedra, Cornelio | |
| 700 | 1 | _aBelgrano, Manuel | |
| 700 | 1 | _aRodríguez, Martín | |
| 700 | 1 | _aGuido, Tomás | |
| 700 | 1 |
_aLevene, Ricardo _eprologuista |
|
| 800 | 1 |
_aPalcos, Alberto _edirector |
|
| 942 | _cBK | ||
| 998 | _cisola | ||
| 999 |
_c4023 _d4023 |
||